مكتبة جامعة عجلون الوطنية

فهرس بحث المكتبة

الحضرة في رحاب الله مع سيدنا رسول الله صلى الله عليه وسلم (Record no. 17777)

MARC details
000 -LEADER
fixed length control field 00829nam a2200229Ii 4500
003 - CONTROL NUMBER IDENTIFIER
control field JO-AjNU
008 - FIXED-LENGTH DATA ELEMENTS--GENERAL INFORMATION
fixed length control field 230605s9999||||xx |||||||||||||| ||und||
017 ## - COPYRIGHT OR LEGAL DEPOSIT NUMBER
Copyright or legal deposit number 2002/4990
020 ## - INTERNATIONAL STANDARD BOOK NUMBER
International Standard Book Number 977-5022-37-1
040 ## - CATALOGING SOURCE
Original cataloging agency JO-AjNU
Language of cataloging ara
Description conventions rda
Transcribing agency JO-AjNU
041 ## - LANGUAGE CODE
Language code of text/sound track or separate title ara
050 14 - LIBRARY OF CONGRESS CALL NUMBER
Classification number BP165
100 3# - MAIN ENTRY--PERSONAL NAME
Personal name سالم، عبد المقصود محمد ، تجميع وتنسيق: محمد محمود عبد العليم,
Relator term author
9 (RLIN) 34611
245 00 - TITLE STATEMENT
Title الحضرة في رحاب الله مع سيدنا رسول الله صلى الله عليه وسلم
250 ## - EDITION STATEMENT
Edition statement ط8
264 31 - PRODUCTION, PUBLICATION, DISTRIBUTION, MANUFACTURE, AND COPYRIGHT NOTICE
Place of production, publication, distribution, manufacture القاهرة: شركة الشمرلي للطباعة والنشر، د.ت
300 ## - PHYSICAL DESCRIPTION
Extent 127ص
336 ## - CONTENT TYPE
Content type term text
Content type code txt
Source rdacontent
337 ## - MEDIA TYPE
Media type term unmediated
Media type code n
Source rdamedia
338 ## - CARRIER TYPE
Carrier type term volume
Carrier type code nc
Source rdacarrier
650 #4 - SUBJECT ADDED ENTRY--TOPICAL TERM
Topical term or geographic name entry element الاسلام
9 (RLIN) 34612
Holdings
Withdrawn status Lost status Source of classification or shelving scheme Damaged status Not for loan Home library Current library Shelving location Date acquired Total Checkouts Full call number Barcode Date last seen Price effective from Koha item type
    Library of Congress Classification     مكتبة جامعة عجلون الوطنية مكتبة جامعة عجلون الوطنية المجموعات العامة 06/06/2023   BP165 A14209 06/06/2023 06/06/2023 Books